000 00831nam a2200229Ia 4500
001 8514
003 GE_BSU
008 181216s||||||||xx |||||||||||||| ||und||
040 _cGE_BSU
080 _a82-93
100 _aვადაჭკორია,დოდო.
245 _aგოლიათი კაკალი.
245 _bმოთხრობები:სკოლამდელი ასაკის ბავშვებისათვის.
245 _cრედ:ე.კუბლაშვილი;მხატვ:გ.ფოცხიშვილი.
260 _aთბილისი.
260 _bნაკადული.
260 _c1969.
300 _a48გვ;ილ;21სმ.
653 _aგოლიათი კაკალი.
653 _aმოთხრობები
942 _cBK
999 _c41831
_d41831